| 000 -LEADER |
| fixed length control field |
00455cam a22001337a 4500 |
| 008 - FIXED-LENGTH DATA ELEMENTS--GENERAL INFORMATION |
| fixed length control field |
180718b1985 xxu||||| |||| 00| 0 eng d |
| 082 ## - DEWEY DECIMAL CLASSIFICATION NUMBER |
| Classification number |
APPPA 84-85 SAR |
| 100 ## - MAIN ENTRY--PERSONAL NAME |
| Personal name |
Sarkar, Pritiman |
| 245 ## - TITLE STATEMENT |
| Title |
Industrial relations in the Indian coal industry, 1960-1983: dissertation |
| Statement of responsibility, etc. |
by Pritiman Sarkar |
| 260 ## - PUBLICATION, DISTRIBUTION, ETC. |
| Place of publication, distribution, etc. |
New Delhi |
| Name of publisher, distributor, etc. |
Indian Institute of Public Administration |
| Date of publication, distribution, etc. |
1985 |
| 300 ## - PHYSICAL DESCRIPTION |
| Extent |
308p. |
| 650 ## - SUBJECT ADDED ENTRY--TOPICAL TERM |
| Topical term or geographic name entry element |
Indian coal industry |
| 650 ## - SUBJECT ADDED ENTRY--TOPICAL TERM |
| Topical term or geographic name entry element |
Industrial relations |